000 00600nam a2200241Ia 4500
001 20232
005 20240114000507.0
007 ta
008 060220s a g b000 u 465 u
040 _aCotton College,Assam
041 _a465
082 _a821
_bH 725 Il
100 _aHomer, .
245 0 _aThe Ilia /
_cHomer.
_hTextual Documents
250 _a1st ed. /
260 _aLondon :
_bWilliam Blackwood & Sons ,
_cnd.
300 _a148p. :
_bill ;
_c17cm .
653 _aEnglish poetry
653 _aG-English
942 _2ddc
_cBK
999 _c20214
_d20214